[Event "Tehran Paytakht Cup 1st"]
[Site "Tehran"]
[Date "2016.10.27"]
[Round "3"]
[White "Galehdari, Bardia"]
[Black "Hosseinipour, Mehdi"]
[Result "1/2-1/2"]
[WhiteElo "2106"]
[BlackElo "2255"]
[PlyCount "94"]
[EventDate "2016.10.25"]
[EventType "swiss"]
[EventRounds "9"]
[EventCountry "IRI"]
[SourceTitle "EXT 2018"]
[Source "ChessBase"]
[SourceDate "2017.10.13"]
[SourceVersion "1"]
[SourceVersionDate "2017.10.13"]
[SourceQuality "1"]

1. Nf3 Nf6 2. c4 c6 3. e3 d5 4. b3 g6 5. Bb2 Bg7 6. Be2 0-0 7. 0-0 Nbd7 8. Qc2 dxc4 9. bxc4 Nc5 10. d3 Bg4 11. Nbd2 Qc7 12. h3 Bxf3 13. Nxf3 Rad8 14. Be5 Qc8 15. d4 Ncd7 16. Bh2 Ne8 17. Qa4 a6 18. c5 Nc7 19. Qb3 e5 20. Rfd1 exd4 21. exd4 Nd5 22. Rab1 Rfe8 23. Bc4 b5 24. Bxd5 cxd5 25. a4 bxa4 26. Qxa4 Re6 27. Qa5 Rde8 28. Qc7 Qxc7 29. Bxc7 Rc8 30. Rb7 Nxc5 31. dxc5 Re7 32. Rxd5 Rexc7 33. Rxc7 Rxc7 34. Rd8+ Bf8 35. Ne5 Kg7 36. c6 Bc5 37. Kf1 Bb6 38. f4 f6 39. Rd7+ Kf8 40. Rxc7 Bxc7 41. Nd7+ Ke7 42. f5 gxf5 43. Ke2 a5 44. Kd3 Bd8 45. Kc4 Kd6 46. Kb5 a4 47. Nb6 Bxb6 1/2-1/2

[Event "Leiden op-A 10th"]
[Site "Leiden"]
[Date "2016.07.23"]
[Round "8"]
[White "Ratsma, Midas"]
[Black "Galehdari, Bardia"]
[Result "1-0"]
[WhiteElo "2171"]
[BlackElo "2080"]
[PlyCount "63"]
[EventDate "2016.07.15"]
[EventType "swiss"]
[EventRounds "9"]
[EventCountry "NED"]
[SourceTitle "CBM 173 Extra"]
[Source "ChessBase"]
[SourceDate "2016.08.29"]
[SourceVersion "1"]
[SourceVersionDate "2016.08.29"]
[SourceQuality "1"]

1. d4 c5 2. d5 e5 3. c4 f5 4. e4 d6 5. exf5 Bxf5 6. Bd3 Ne7 7. Nc3 Bxd3 8. Qxd3 Ng6 9. Nf3 Be7 10. Ne4 Nf4 11. Bxf4 exf4 12. h4 Qa5+ 13. Ned2 Nd7 14. 0-0 0-0-0 15. Ne4 h6 16. Rfe1 Kb8 17. a3 Qc7 18. b4 Rde8 19. Re2 Bd8 20. Rae1 g5 21. bxc5 Nxc5 22. Nxc5 Rxe2 23. Na6+ bxa6 24. Rxe2 Qg7 25. c5 dxc5 26. d6 c4 27. Qxc4 gxh4 28. Ne5 f3 29. Nxf3 Rg8 30. Ne1 Rf8 31. d7 Be7 32. Rc2 1-0

[Event "Delft Prinsenstad op 9th"]
[Site "Delft"]
[Date "2016.03.26"]
[Round "2"]
[White "Lalic, Bogdan"]
[Black "Galehdari, Bardia"]
[Result "1-0"]
[WhiteElo "2429"]
[BlackElo "2080"]
[PlyCount "69"]
[EventDate "2016.03.25"]
[EventType "swiss"]
[EventRounds "6"]
[EventCountry "NED"]
[SourceTitle "CBM 171 Extra"]
[Source "ChessBase"]
[SourceDate "2016.04.26"]
[SourceVersion "1"]
[SourceVersionDate "2016.04.26"]
[SourceQuality "1"]

1. d4 Nf6 2. c4 e6 3. Nf3 c5 4. d5 b5 5. e4 Nxe4 6. Bd3 Nf6 7. 0-0 Be7 8. Nc3 Bb7 9. Re1 0-0 10. Bf4 bxc4 11. Bxc4 exd5 12. Nxd5 Nxd5 13. Bxd5 Bxd5 14. Qxd5 Nc6 15. Rad1 Qb6 16. Qxd7 Rad8 17. Qc7 Rxd1 18. Rxd1 Qxc7 19. Bxc7 Bf6 20. b3 Rc8 21. Bf4 Nd4 22. Nxd4 cxd4 23. Kf1 g5 24. Rc1 Re8 25. Bd2 d3 26. Be3 h6 27. Ke1 a5 28. Kd2 Rd8 29. Rc4 Kh7 30. Bb6 Rd5 31. Rc5 Rd6 32. Bc7 Rd7 33. Bxa5 Bd4 34. Rc7 Rd5 35. Bc3 1-0

[Event "Delft Prinsenstad op 9th"]
[Site "Delft"]
[Date "2016.03.25"]
[Round "1"]
[White "Galehdari, Bardia"]
[Black "Van den Doel, Erik"]
[Result "1/2-1/2"]
[WhiteElo "2080"]
[BlackElo "2564"]
[PlyCount "48"]
[EventDate "2016.03.25"]
[EventType "swiss"]
[EventRounds "6"]
[EventCountry "NED"]
[SourceTitle "CBM 171 Extra"]
[Source "ChessBase"]
[SourceDate "2016.04.26"]
[SourceVersion "1"]
[SourceVersionDate "2016.04.26"]
[SourceQuality "1"]

1. e4 e5 2. Nf3 Nc6 3. Bb5 a6 4. Ba4 Nf6 5. d3 b5 6. Bb3 Bc5 7. Nc3 0-0 8. a4 b4 9. Nd5 h6 10. 0-0 d6 11. Nxf6+ Qxf6 12. Bd5 Bb7 13. Be3 Bxe3 14. fxe3 Na5 15. Bxb7 Nxb7 16. Nd4 Qg5 17. Nf5 Kh7 18. h4 Qd8 19. Nxg7 Kxg7 20. Qg4+ Kh7 21. Qf5+ Kg7 22. Qg4+ Kh7 23. Qf5+ Kg7 24. Qg4+ Kh7 1/2-1/2

[Event "Rasht op"]
[Site "Rasht"]
[Date "2015.08.16"]
[Round "4"]
[White "Tajbakhsh, Ramtin"]
[Black "Galehdari, Bardia"]
[Result "1/2-1/2"]
[WhiteElo "1964"]
[BlackElo "2158"]
[PlyCount "100"]
[EventDate "2015.08.14"]
[EventType "swiss"]
[EventRounds "11"]
[EventCountry "IRI"]
[SourceTitle "EXT 2016"]
[Source "ChessBase"]
[SourceDate "2015.10.08"]
[SourceVersion "1"]
[SourceVersionDate "2015.10.08"]
[SourceQuality "1"]

1. d4 Nf6 2. c4 e5 3. dxe5 Ng4 4. Bf4 Nc6 5. Nf3 Bc5 6. e3 Qe7 7. Nc3 Bb4 8. Qd5 Bxc3+ 9. bxc3 Qa3 10. Qd2 Qa5 11. Be2 Ngxe5 12. Nxe5 Nxe5 13. Qd4 d6 14. c5 0-0 15. cxd6 cxd6 16. 0-0 Rd8 17. Rfd1 Be6 18. Qb4 Qc7 19. Rd2 f6 20. Rad1 d5 21. c4 dxc4 22. Bxe5 fxe5 23. Bxc4 Bxc4 24. Rxd8+ Rxd8 25. Rxd8+ Qxd8 26. Qxc4+ Kh8 27. g3 h6 28. Qc5 Qb8 29. a4 b6 30. Qb5 Qd6 31. Kg2 Qe6 32. h4 Kg8 33. Qa6 Qc6+ 34. Kg1 Qc7 35. Qb5 Kf7 36. Kf1 Ke7 37. Ke2 Kd6 38. Qd3+ Ke7 39. Qa3+ Kd7 40. Qf8 Ke6 41. Qe8+ Kd6 42. Qg6+ Kd5 43. Qd3+ Kc6 44. Qe4+ Kd7 45. Qf5+ Ke7 46. Qg6 Kd8 47. Qe6 Qc2+ 48. Kf3 Qxa4 49. Qg8+ Qe8 50. Qxg7 Qe7 1/2-1/2

[Event "IRI-ch"]
[Site "Tabriz"]
[Date "2013.12.01"]
[Round "7"]
[White "Ahmadinia, Ebrahim"]
[Black "Galehdari, Bardia"]
[Result "1-0"]
[WhiteElo "2398"]
[BlackElo "2227"]
[PlyCount "69"]
[EventDate "2013.11.27"]
[EventType "swiss"]
[EventRounds "11"]
[EventCountry "IRI"]
[SourceTitle "CBM 157 Extra"]
[Source "ChessBase"]
[SourceDate "2013.12.19"]
[SourceVersion "1"]
[SourceVersionDate "2013.12.19"]
[SourceQuality "1"]

1. c4 e5 2. Nc3 Nf6 3. g3 Bb4 4. Bg2 0-0 5. Nf3 Re8 6. 0-0 c6 7. d3 h6 8. e4 Na6 9. Qc2 Bf8 10. d4 d6 11. h3 exd4 12. Nxd4 Qa5 13. a3 Qe5 14. Rd1 Nh5 15. Be3 Nc5 16. b4 Ne6 17. Nde2 g5 18. Qd2 Qg7 19. Rac1 Qg6 20. b5 Nc5 21. Nd4 Bg7 22. Rb1 Bd7 23. bxc6 bxc6 24. Nde2 Nxe4 25. Nxe4 Rxe4 26. Qxd6 Nf6 27. Rb8+ Rxb8 28. Bxe4 Qxe4 29. Qxb8+ Be8 30. Rd8 Kh7 31. Nc3 Qe6 32. Qb1+ Kg8 33. Bd4 c5 34. Bxc5 Nd7 35. Qe4 1-0

[Event "Tehran 03"]
[Site "Tehran"]
[Date "2013.03.12"]
[Round "8"]
[White "Nadalipour, Golnaz"]
[Black "Galehdari, Bardia"]
[Result "0-1"]
[WhiteElo "1839"]
[BlackElo "2226"]
[PlyCount "82"]
[EventDate "2013.03.09"]
[EventType "tourn"]
[EventRounds "15"]
[EventCountry "IRI"]
[SourceTitle "EXT 2018"]
[Source "ChessBase"]
[SourceDate "2017.10.13"]
[SourceVersion "1"]
[SourceVersionDate "2017.10.13"]
[SourceQuality "1"]

1. d4 d5 2. Nf3 Nf6 3. e3 Bf5 4. c4 c6 5. cxd5 cxd5 6. Nc3 e6 7. Ne5 Nc6 8. g4 Bg6 9. h4 h6 10. Nxg6 fxg6 11. Bd3 Kf7 12. f3 Ne7 13. Qc2 Qb6 14. Ne2 Rc8 15. Qb1 a6 16. Nf4 Rg8 17. Nxg6 Nxg6 18. Bxg6+ Ke7 19. Bd2 Kd7 20. Qd3 Bd6 21. 0-0 Rc7 22. Rac1 Rxc1 23. Rxc1 Qxb2 24. Rc2 Qb6 25. e4 dxe4 26. Bxe4 e5 27. Bf5+ Ke7 28. g5 hxg5 29. Bxg5 Qxd4+ 30. Qxd4 exd4 31. Rd2 Bc5 32. Be4 b5 33. Bb7 a5 34. Rc2 Bb6 35. Rc6 Ba7 36. Kf1 d3 37. Bxf6+ gxf6 38. Rc7+ Ke8 39. Bc6+ Kd8 40. Rd7+ Kc8 41. Bxb5 Rg1# 0-1

[Event "Esfahan Zenderood op 3rd"]
[Site "Esfahan"]
[Date "2011.09.08"]
[Round "9"]
[White "Rzayev, Bahruz Iqbal Oglu"]
[Black "Galehdari, Bardia"]
[Result "1-0"]
[WhiteElo "2368"]
[BlackElo "2144"]
[PlyCount "129"]
[EventDate "2011.09.02"]
[EventType "swiss"]
[EventRounds "9"]
[EventCountry "IRI"]
[SourceTitle "CBM 144 Extra"]
[Source "ChessBase"]
[SourceDate "2011.10.28"]
[SourceVersion "1"]
[SourceVersionDate "2011.10.28"]
[SourceQuality "1"]

1. e4 e5 2. Nf3 Nc6 3. d4 exd4 4. Bc4 Bc5 5. c3 Nf6 6. e5 d5 7. Bb5 Ne4 8. cxd4 Bb6 9. Be3 0-0 10. Nc3 Bg4 11. Qc2 Bf5 12. Qb3 a6 13. Bd3 Ba5 14. 0-0 Bxc3 15. bxc3 b5 16. Qc2 Na5 17. Ng5 Nxg5 18. Bxf5 g6 19. f4 Nc4 20. Bc1 Ne6 21. Bd3 f5 22. exf6 Qxf6 23. Bxc4 dxc4 24. Ba3 Qf5 25. Qd2 Rf7 26. Rae1 Nxf4 27. Rf3 g5 28. Re5 Qb1+ 29. Qc1 Qg6 30. Qe1 h6 31. h3 Rd8 32. Kh2 Rf5 33. Re7 Rdf8 34. Rxc7 Nxg2 35. Rxf5 Qxf5 36. Kxg2 Qf3+ 37. Kg1 Qxh3 38. Bxf8 Qg4+ 39. Kh2 Qh5+ 40. Kg2 Qg4+ 41. Qg3 Qe2+ 42. Qf2 Qg4+ 43. Kh2 Qh5+ 44. Kg1 Qg4+ 45. Kh2 Qh5+ 46. Kg3 Qh4+ 47. Kf3 Qf4+ 48. Ke2 Qxc7 49. Bxh6 Qd7 50. Kd2 Qd6 51. Bxg5 Qa3 52. Qe1 Qxa2+ 53. Ke3 Qg2 54. Bf4 Qc2 55. Qd2 Qb1 56. d5 Qg1+ 57. Ke4 Qg6+ 58. Ke5 Kf7 59. d6 Qf6+ 60. Kd5 Qf5+ 61. Kc6 Qc8+ 62. Kb6 b4 63. d7 Qd8+ 64. Bc7 Qf6+ 65. Qd6 1-0

[Event "Esfahan Zenderood op 3rd"]
[Site "Esfahan"]
[Date "2011.09.04"]
[Round "4"]
[White "Galehdari, Bardia"]
[Black "Gaprindashvili, Valeriane"]
[Result "0-1"]
[WhiteElo "2144"]
[BlackElo "2410"]
[PlyCount "140"]
[EventDate "2011.09.02"]
[EventType "swiss"]
[EventRounds "9"]
[EventCountry "IRI"]
[SourceTitle "CBM 144 Extra"]
[Source "ChessBase"]
[SourceDate "2011.10.28"]
[SourceVersion "1"]
[SourceVersionDate "2011.10.28"]
[SourceQuality "1"]

1. e4 c6 2. d4 d5 3. Nc3 dxe4 4. Nxe4 Bf5 5. Ng3 Bg6 6. h4 h6 7. Nf3 e6 8. h5 Bh7 9. Bd3 Bxd3 10. Qxd3 Nf6 11. Bd2 Nbd7 12. 0-0-0 Be7 13. Rhe1 0-0 14. Qe2 Re8 15. Ne5 Bd6 16. Ne4 Nxe4 17. Qxe4 Nf6 18. Qf3 Bf8 19. Kb1 Qd5 20. Qf4 Rad8 21. Be3 Qe4 22. Qh2 Qf5 23. g4 Nxg4 24. Nxg4 Qxg4 25. Rg1 Qf3 26. Bxh6 Kh7 27. Rd3 Qe4 28. f3 Qf5 29. Bc1 Rd7 30. Rg5 Qf6 31. Qg1 Rd5 32. f4 Red8 33. Be3 Rf5 34. Rd2 b5 35. Rdg2 Rdd5 36. c3 Qh6 37. Rh2 Kg8 38. Kc1 a5 39. Rhg2 a4 40. b3 axb3 41. axb3 Rxg5 42. Rxg5 Be7 43. Rxd5 cxd5 44. Qg4 Qh7 45. b4 Qd3 46. Bd2 Kf8 47. Qg2 Bf6 48. Qh2 Kg8 49. Qg2 Kh7 50. Qg4 Qc4 51. Kb2 Qf1 52. Kc2 Be7 53. Kb2 Qf2 54. Kc1 Kg8 55. Qh3 Qe2 56. f5 Kh7 57. fxe6 fxe6 58. Kc2 Bg5 59. Qd3+ Qxd3+ 60. Kxd3 Bxd2 61. Kxd2 Kh6 62. Ke3 Kxh5 63. Kf4 g5+ 64. Ke5 g4 65. Kxe6 g3 66. Kxd5 g2 67. Kc5 g1Q 68. Kxb5 Kg6 69. d5 Kf7 70. c4 Qd4 0-1

[Event "Wch U14"]
[Site "Vung Tau"]
[Date "2008.10.28"]
[Round "9"]
[White "Galehdari, Bardia"]
[Black "Ankit, R Rajpara"]
[Result "0-1"]
[WhiteElo "1912"]
[BlackElo "2200"]
[PlyCount "52"]
[EventDate "2008.10.20"]
[EventType "swiss"]
[EventRounds "11"]
[EventCountry "VIE"]
[SourceTitle "EXT 2009"]
[Source "ChessBase"]
[SourceDate "2008.11.26"]
[SourceVersion "1"]
[SourceVersionDate "2008.11.26"]
[SourceQuality "1"]

1. e4 c5 2. Nf3 Nc6 3. d4 cxd4 4. Nxd4 g6 5. Nc3 Bg7 6. Be3 Nf6 7. f3 0-0 8. Qd2 d5 9. 0-0-0 dxe4 10. Nxc6 Qxd2+ 11. Bxd2 bxc6 12. Nxe4 Nxe4 13. fxe4 Bg4 14. Re1 Be6 15. b3 Rfd8 16. Bd3 a5 17. e5 a4 18. Bc3 axb3 19. axb3 Bxb3 20. Bb4 Bd5 21. Bxe7 Bh6+ 22. Kb2 Rd7 23. Bb4 c5 24. Bxc5 Bd2 25. c3 Ra2+ 26. Kb1 Rb7+ 0-1